| 000 | 00360nam a22001457a 4500 | ||
|---|---|---|---|
| 003 | MACL | ||
| 005 | 20180220132246.0 | ||
| 008 | 180220b xxu||||| |||| 00| 0 eng d | ||
| 040 | _cMACL | ||
| 100 |
_aSanghera,S.Gurchathen _970480 |
||
| 245 | _aChild Labour in India | ||
| 260 |
_aNew Delhi _bOxford _c2016 |
||
| 650 |
_aSocial Science _970481 |
||
| 942 |
_2ddc _cBK |
||
| 999 |
_c57292 _d57292 |
||